000 00598cam a22002052 4500
001 0000002466
005 20151217155816.0
008 070411s xx 000 0 eng d
020 _cKES 900
040 _aKABU
_cKABU
050 0 _aHF5635
_b.S773
110 2 _aStrathmore University.
_bDistance Learning Centre.
_@0000150769
245 1 0 _aFinancial accounting 1 :
_bsubject no. 1 revision kit.
260 _aNairobi :
_bSUP,
_c2006.
300 _ax, 304 p.
650 0 _aAccounting.
_@0000148321
908 _a070411
950 _@1
999 _c12705
_d12705